• 首页
  • 本馆介绍
  • 公告通知
  • 最新文献
  • 馆藏检索
  • 电子资源
  • 读者导购
  • 参考咨询
  • 我的图书馆
  • 登录
  • 期刊详细显示
  • 现刊情况显示
  • 合订本情况显示
  • 篇目信息显示

期刊信息

  • 表格格式
  • 工作单格式
  • 卡片格式
索取号 
C5/DXSH
题名 
达县师专学报
作者 
分册号 
分册名 
出版地 
四川
出版者 
标准刊号 
出版频率 
月刊
中图法分类 
C5
主题词 
社会科学 丛书; 社会科学 文集; 社会科学 连续出版物
电子资源 
000 00495nas0 2200193 45
001 0756031750
005 20070409153517.51
100    @a20070409d km y0chiy0120 ea
101 0  @achi
200 1  @a达县师专学报@ADa Xian Shi Zhuan Xue Bao@i社会科学版
210    @a四川
326    @a月刊
517 1  @a社会科学版@AShe Hui Ke Xue Ban
606 0  @a社会科学@x丛书
606 0  @a社会科学@x文集
606 0  @a社会科学@x连续出版物
690    @aC5@v4
801  0 @aCN@bPFT@c20070409
905    @aTJWY@dC5@eDXSH
    
    达县师专学报.社会科学版.-四川
    
    
    
    
    
●
相关链接: 在易读查询期刊 在中国知网中查询期刊 在万方数据查询期刊 在维普查询期刊
唐山师范学院图书馆 欢迎您!
大连网信软件有限公司© 版权所有